MyGZULibrary

Sociology of deviant behavior / (Record no. 2304)

MARC details
000 -LEADER
fixed length control field 01076cam a2200301 a 4500
001 - CONTROL NUMBER
control field 14693022
003 - CONTROL NUMBER IDENTIFIER
control field GZU
005 - DATE AND TIME OF LATEST TRANSACTION
control field 20201028125031.0
008 - FIXED-LENGTH DATA ELEMENTS--GENERAL INFORMATION
fixed length control field 070110s2008 cau b 001 0 eng
010 ## - LIBRARY OF CONGRESS CONTROL NUMBER
LC control number 2007920599
020 ## - INTERNATIONAL STANDARD BOOK NUMBER
International Standard Book Number 9780495603573
040 ## - CATALOGING SOURCE
Original cataloging agency DLC
Transcribing agency DLC
Modifying agency DLC
050 00 - LIBRARY OF CONGRESS CALL NUMBER
Classification number HM811
Item number .C58 2008
100 1# - MAIN ENTRY--PERSONAL NAME
Personal name Clinard, Marshall Barron,
Dates associated with a name 1911-
245 10 - TITLE STATEMENT
Title Sociology of deviant behavior /
Statement of responsibility, etc. Marshall B. Clinard, Robert F. Meier.
250 ## - EDITION STATEMENT
Edition statement 13th ed.
260 ## - PUBLICATION, DISTRIBUTION, ETC.
Place of publication, distribution, etc. Belmont, CA :
Name of publisher, distributor, etc. Thomson/Wadsworth,
Date of publication, distribution, etc. c2004
300 ## - PHYSICAL DESCRIPTION
Extent xviii, 587 p. ;
Dimensions 24 cm.
504 ## - BIBLIOGRAPHY, ETC. NOTE
Bibliography, etc. note Includes bibliographical references (p. 496-563) and indexes.
650 #0 - SUBJECT ADDED ENTRY--TOPICAL TERM
Topical term or geographic name entry element Deviant behavior.
650 #0 - SUBJECT ADDED ENTRY--TOPICAL TERM
Topical term or geographic name entry element Criminal psychology.
700 1# - ADDED ENTRY--PERSONAL NAME
Personal name Meier, Robert F.
Fuller form of name (Robert Frank),
Dates associated with a name 1944-
856 41 - ELECTRONIC LOCATION AND ACCESS
Materials specified Table of contents only
Uniform Resource Identifier <a href="http://www.loc.gov/catdir/toc/fy0714/2007920599.html">http://www.loc.gov/catdir/toc/fy0714/2007920599.html</a>
906 ## - LOCAL DATA ELEMENT F, LDF (RLIN)
a 7
b cbc
c origcop
d 3
e epcn
f 20
g y-gencatlg
942 ## - ADDED ENTRY ELEMENTS (KOHA)
Source of classification or shelving scheme Library of Congress Classification
Koha item type Books
Edition 13th
Classification part 811
Item part CLI
Call number prefix HM
Holdings
Withdrawn status Lost status Damaged status Not for loan Collection code Home library Current library Shelving location Date acquired Inventory number Total Checkouts Full call number Barcode Date last seen Copy number Price effective from Koha item type
        Non-fiction City Campus Library City Campus Library General Stacks 10/28/2020 15287   HM 811 CLI 2004 011254 10/28/2020 c.1 10/28/2020 Books
        Non-fiction City Campus Library City Campus Library General Stacks 10/28/2020     HM 811 CLI 2004 024702 10/28/2020 c.2 10/28/2020 Books
        Non-fiction City Campus Library City Campus Library General Stacks 10/28/2020 15228   HM 811 CLI 2004 011255 10/28/2020 c.3 10/28/2020 Books
        Non-fiction City Campus Library City Campus Library General Stacks 10/28/2020 15286   HM 881 CLI 2004 011256 10/28/2020 c.4 10/28/2020 Books
        Non-fiction City Campus Library City Campus Library General Stacks 10/30/2020 027807   HM 29 CLI 1992 027807 10/30/2020 c.5 10/30/2020 Books